<?xml version="1.0" encoding="UTF-8"?><?xml-stylesheet type="text/xsl" href="static/style.xsl"?><OAI-PMH xmlns="http://www.openarchives.org/OAI/2.0/" xmlns:xsi="http://www.w3.org/2001/XMLSchema-instance" xsi:schemaLocation="http://www.openarchives.org/OAI/2.0/ http://www.openarchives.org/OAI/2.0/OAI-PMH.xsd"><responseDate>2026-04-13T04:07:20Z</responseDate><request verb="GetRecord" identifier="oai:www.recercat.cat:2445/125249" metadataPrefix="marc">https://recercat.cat/oai/request</request><GetRecord><record><header><identifier>oai:recercat.cat:2445/125249</identifier><datestamp>2025-12-05T13:12:42Z</datestamp><setSpec>com_2072_1057</setSpec><setSpec>col_2072_478798</setSpec><setSpec>col_2072_478916</setSpec><setSpec>col_2072_478917</setSpec></header><metadata><record xmlns="http://www.loc.gov/MARC21/slim" xmlns:dcterms="http://purl.org/dc/terms/" xmlns:xsi="http://www.w3.org/2001/XMLSchema-instance" xmlns:doc="http://www.lyncode.com/xoai" xsi:schemaLocation="http://www.loc.gov/MARC21/slim http://www.loc.gov/standards/marcxml/schema/MARC21slim.xsd">
   <leader>00925njm 22002777a 4500</leader>
   <datafield ind2=" " ind1=" " tag="042">
      <subfield code="a">dc</subfield>
   </datafield>
   <datafield ind2=" " ind1=" " tag="720">
      <subfield code="a">Wit, Ronald de</subfield>
      <subfield code="e">author</subfield>
   </datafield>
   <datafield ind2=" " ind1=" " tag="720">
      <subfield code="a">Skoneczna, Iwona</subfield>
      <subfield code="e">author</subfield>
   </datafield>
   <datafield ind2=" " ind1=" " tag="720">
      <subfield code="a">Daugaard, Gedske</subfield>
      <subfield code="e">author</subfield>
   </datafield>
   <datafield ind2=" " ind1=" " tag="720">
      <subfield code="a">Santis, Maria de</subfield>
      <subfield code="e">author</subfield>
   </datafield>
   <datafield ind2=" " ind1=" " tag="720">
      <subfield code="a">Garin, August</subfield>
      <subfield code="e">author</subfield>
   </datafield>
   <datafield ind2=" " ind1=" " tag="720">
      <subfield code="a">Aass, Nina</subfield>
      <subfield code="e">author</subfield>
   </datafield>
   <datafield ind2=" " ind1=" " tag="720">
      <subfield code="a">Witjes, J. Alfred</subfield>
      <subfield code="e">author</subfield>
   </datafield>
   <datafield ind2=" " ind1=" " tag="720">
      <subfield code="a">Albers, Peter</subfield>
      <subfield code="e">author</subfield>
   </datafield>
   <datafield ind2=" " ind1=" " tag="720">
      <subfield code="a">White, Jeffery D.</subfield>
      <subfield code="e">author</subfield>
   </datafield>
   <datafield ind2=" " ind1=" " tag="720">
      <subfield code="a">Germà Lluch, José Ramón</subfield>
      <subfield code="e">author</subfield>
   </datafield>
   <datafield ind2=" " ind1=" " tag="720">
      <subfield code="a">Marreaud, Sandrine</subfield>
      <subfield code="e">author</subfield>
   </datafield>
   <datafield ind2=" " ind1=" " tag="720">
      <subfield code="a">Collette, Laurence</subfield>
      <subfield code="e">author</subfield>
   </datafield>
   <datafield ind2=" " ind1=" " tag="260">
      <subfield code="c">2018-10-10T11:41:33Z</subfield>
   </datafield>
   <datafield ind2=" " ind1=" " tag="260">
      <subfield code="c">2018-10-10T11:41:33Z</subfield>
   </datafield>
   <datafield ind2=" " ind1=" " tag="260">
      <subfield code="c">2012-03-10</subfield>
   </datafield>
   <datafield ind2=" " ind1=" " tag="260">
      <subfield code="c">2018-07-24T12:55:35Z</subfield>
   </datafield>
   <datafield ind2=" " ind1=" " tag="520">
      <subfield code="a">Purpose: To compare the efficacy of four cycles of paclitaxel-bleomycin, etoposide, and cisplatin (T-BEP) to four cycles of bleomycin, etoposide, and cisplatin (BEP) in previously untreated patients with intermediate-prognosis germ-cell cancer (GCC). Patients and Methods: Patients were randomly assigned to receive either T-BEP or standard BEP. Patients assigned to the T-BEP group received paclitaxel 175 mg/m(2) in a 3-hour infusion. Patients who were administered T-BEP received primary granulocyte colony-stimulating factor (G-CSF) prophylaxis. The study was designed as a randomized open-label phase II/III study. To show a 10% improvement in 3-year progression-free survival (PFS), the study aimed to recruit 498 patients but closed with 337 patients as a result of slow accrual. Results: Accrual was from November 1998 to April 2009. A total of 169 patients were administered BEP, and 168 patients were administered T-BEP. Thirteen patients in both arms were ineligible, mainly as a result of a good prognosis of GCC (eight patients administered BEP; six patients administered T-BEP) or a poor prognosis of GCC (one patient administered BEP; four patients administered T-BEP). PFS at 3 years (intent to treat) was 79.4% in the T-BEP group versus 71.1% in the BEP group (hazard ratio [HR], 0.73; CI, 0.47 to 1.13; P [log-rank test] = 0.153). PFS at 3 years in all eligible patients was 82.7% versus 70.1%, respectively (HR, 0.60; CI: 0.37 to 0.97) and was statistically significant (P = 0.03). Overall survival was not statistically different. Conclusion: T-BEP administered with G-CSF seems to be a safe and effective treatment regimen for patients with intermediate-prognosis GCC. However, the study recruited a smaller-than-planned number of patients and included 7.7% ineligible patients. The primary analysis of the trial could not demonstrate statistical superiority of T-BEP for PFS. When ineligible patients were excluded, the analysis of all eligible patients demonstrated a 12% superior 3-year PFS with T-BEP, which was statistically significant. J Clin Oncol 30: 792-799. (C) 2012 by American Society of Clinical Oncology</subfield>
   </datafield>
   <datafield tag="653" ind2=" " ind1=" ">
      <subfield code="a">Metàstasi</subfield>
   </datafield>
   <datafield tag="653" ind2=" " ind1=" ">
      <subfield code="a">Quimioteràpia</subfield>
   </datafield>
   <datafield tag="653" ind2=" " ind1=" ">
      <subfield code="a">Metastasis</subfield>
   </datafield>
   <datafield tag="653" ind2=" " ind1=" ">
      <subfield code="a">Chemotherapy</subfield>
   </datafield>
   <datafield ind2="0" ind1="0" tag="245">
      <subfield code="a">Randomized Phase Iii Study Comparing Paclitaxel-bleomycin, Etoposide, And Cisplatin (bep) To Standard Bep In Intermediate-prognosis Germ-cell Cancer: Intergroup Study Eortc 30983</subfield>
   </datafield>
</record></metadata></record></GetRecord></OAI-PMH>